Swami Vivekanand / (Record no. 135073)

MARC details
000 -LEADER
fixed length control field 00754nam a22002417a 4500
005 - DATE AND TIME OF LATEST TRANSACTION
control field 20170124110239.0
010 ## - LIBRARY OF CONGRESS CONTROL NUMBER
LC control number B-011556
020 ## - INTERNATIONAL STANDARD BOOK NUMBER
Terms of availability 195.00
International Standard Book Number 9780195645651
035 ## - SYSTEM CONTROL NUMBER
System control number B-011556
037 ## - SOURCE OF ACQUISITION
Source of stock number/acquisition Cen Lib/Ret
040 ## - CATALOGING SOURCE
Original cataloging agency DPL
Language of cataloging EN
082 ## - DEWEY DECIMAL CLASSIFICATION NUMBER
Classification number 921
Edition number SEN
100 ## - MAIN ENTRY--PERSONAL NAME
Personal name Sen, Amiya P.
9 (RLIN) 94124
245 ## - TITLE STATEMENT
Title Swami Vivekanand /
Statement of responsibility, etc by Amiya P. Sen
246 ## - VARYING FORM OF TITLE
Remainder of title
260 ## - PUBLICATION, DISTRIBUTION, ETC. (IMPRINT)
Place of publication, distribution, etc New Delhi
Name of publisher, distributor, etc Oxford University Press
Date of publication, distribution, etc 2000
270 ## - ADDRESS
City New Delhi
Address YMCA building, Jai Singh raod
Postal code 110001
300 ## - PHYSICAL DESCRIPTION
Extent 109p.
Dimensions 21cm(Hb)
500 ## - GENERAL NOTE
General note Includes glossary and bibliographical references
650 ## - SUBJECT ADDED ENTRY--TOPICAL TERM
Topical term or geographic name as entry element Vivekananda, -- Swami, -- 1863-1902.
9 (RLIN) 27706
650 ## - SUBJECT ADDED ENTRY--TOPICAL TERM
Topical term or geographic name as entry element Hindus -- India -- Biography.
9 (RLIN) 94125
942 ## - ADDED ENTRY ELEMENTS (KOHA)
Source of classification or shelving scheme Dewey Decimal Classification
Koha item type English Books
Classification part 921
Call number suffix SEN
Holdings
Withdrawn status Lost status Damaged status Not for loan Home library Current library Date acquired Source of acquisition Cost, normal purchase price Total Checkouts Full call number Barcode Date last seen Date checked out Copy number Cost, replacement price Price effective from Koha item type
        Central Library Central Library 30/09/2015 Cen Lib/Ret 195.00 4 921 SEN B-011556 18/08/2018 02/08/2018 1 195.00 15/09/2016 English Books

© Delhi Public Library
Hit Counter
free hit counter